00842 a2200217 4500003000500000005001700005010001700022020002800039040000900067082001600076100002100092245005900113250001200172260003500184300003400219440007200253505017400325650002500499700002200524856007800546Nust20230127103536.0 a 2004016408 a0073203823 (alk. paper) cNust00a658.152,BLA1 aBlank, Leland T.10aEngineering economy / cLeland Blank, Anthony Tarquin. a6th ed. aBoston :bMcGraw-Hill,cc2005. axix, 770 p. :bill. ;c24 cm. 0aMcGraw-Hill series in industrial engineering and management science aThis Is How It All Starts (Page-2), Tools For Evaluation Alternatives (Page-166), Making Decisions On Real-World Project (Page-384), Rounding Out The Study (Page-468). 0aEngineering economy.1 aTarquin, Anthony.413Table of contentsuhttp://www.loc.gov/catdir/toc/ecip0420/2004016408.html